00871cam a2200205 a 4500020001800000020001500018040000800033082002600041082001100067100001900078245005800097246005800155246002100213300004600234490002700280520031900307650001600626650001200642650001100654 a9780756542221 a0756542227 cDLC00a582 RAN 1983 C166 Or.14a582.131 aParker, Steve,10aSunflowers, magnolia trees & other flowering plants /3 aSunflowers, magnolia trees and other flowering plants30aFlowering plants a48 pages :bcolor illustrations ;c29 cm.1 aKingdom classification aThis book introduces you to a well known group of plants, from bright sunflowers to beautiful magnolia trees. It explores the history of flowering plants and examines the way flowering plants reproduce and obtain energy. It also looks at the various uses for flowering plants, including decoration and agriculture. 0aAngiosperms 0aFlowers 0aPlants